书目信息 |
| 题名: |
自动化生产线单片机技术应用
|
|
| 作者: | 陶国正 , 耿永刚 主编 | |
| 分册: | ||
| 出版信息: | 北京 中国铁道出版社 2014 |
|
| 页数: | 308页 | |
| 开本: | 26cm | |
| 丛书名: | ||
| 单 册: | ||
| 中图分类: | TP278 , TP27 | |
| 科图分类: | ||
| 主题词: | 单片微型计算机--应用--自动生产线--高等职业教育--教材 , 单片微型计算机 , 自动生产线 | |
| 电子资源: | ||
| ISBN: | 978-7-113-17795-9 | |
| 000 | 01098nam0 2200277 450 | |
| 001 | 2330961647 | |
| 005 | 20231129083615.68 | |
| 010 | @a978-7-113-17795-9@dCNY38.00 | |
| 100 | @a20140917d2014 em y0chiy0120 ea | |
| 101 | 0 | @achi |
| 102 | @aCN@b110000 | |
| 105 | @aa z 000yy | |
| 200 | 1 | @a自动化生产线单片机技术应用@9zi dong hua sheng chan xian dan pian ji ji shu ying yong@b专著@f陶国正,耿永刚主编 |
| 210 | @a北京@c中国铁道出版社@d2014 | |
| 215 | @a308页@c图@d26cm | |
| 300 | @a“十二五”职业教育国家规划教材 全国高职高专院校机电类专业规划教材 | |
| 330 | @a本书包括6个项目:单片机基础知识及开发工具应用、基于供料站的单片机技术应用、基于加工站的单片机技术应用、基于装配站的单片机技术应用、基于分拣站的单片机技术应用、自动化生产线工作站显示与通信接口技术应用。 | |
| 606 | 0 | @a单片微型计算机@x应用@x自动生产线@x高等职业教育@j教材 |
| 606 | 0 | @a单片微型计算机 |
| 606 | 0 | @a自动生产线 |
| 690 | @aTP278@v5 | |
| 690 | @aTP27@v4 | |
| 701 | 0 | @a陶国正@9tao guo zheng@4主编 |
| 701 | 0 | @a耿永刚@9geng yong gang@f(1965 )@4主编 |
| 801 | 2 | @aCN@b58marc.cn@c20141231 |
| 905 | @aBZT@dTP27@e5 | |
| 自动化生产线单片机技术应用/陶国正,耿永刚主编.-北京:中国铁道出版社,2014 |
| 308页:图;26cm |
| “十二五”职业教育国家规划教材 全国高职高专院校机电类专业规划教材 |
| ISBN 978-7-113-17795-9:CNY38.00 |
| 本书包括6个项目:单片机基础知识及开发工具应用、基于供料站的单片机技术应用、基于加工站的单片机技术应用、基于装配站的单片机技术应用、基于分拣站的单片机技术应用、自动化生产线工作站显示与通信接口技术应用。 |
| ● |
| 相关链接 |
|
|
|
正题名:自动化生产线单片机技术应用
索取号:TP27/5
 
预约/预借
| 序号 | 登录号 | 条形码 | 馆藏地/架位号 | 状态 | 备注 |
| 1 | 2001182629 | 2001182629 | 东辅楼二楼书库/ [索取号:TP27/5] | 在馆 | |
| 2 | 2001182630 | 2001182630 | 东辅楼二楼书库/ [索取号:TP27/5] | 在馆 | |
| 3 | 2001182631 | 2001182631 | 东辅楼二楼书库/ [索取号:TP27/5] | 在馆 | |
| 4 | 2001182632 | 2001182632 | 东辅楼二楼书库/ [索取号:TP27/5] | 在馆 | |
| 5 | 2001182633 | 2001182633 | 东辅楼二楼书库/ [索取号:TP27/5] | 在馆 | |
| 6 | 2001182634 | 2001182634 | 东辅楼二楼书库/ [索取号:TP27/5] | 在馆 | |
| 7 | 2001182635 | 2001182635 | 东辅楼二楼书库/ [索取号:TP27/5] | 在馆 | |
| 8 | 2001182636 | 2001182636 | 东辅楼二楼书库/ [索取号:TP27/5] | 在馆 | |
| 9 | 2001182637 | 2001182637 | 东辅楼二楼书库/ [索取号:TP27/5] | 在馆 | |
| 10 | 2001182638 | 2001182638 | 东辅楼二楼书库/ [索取号:TP27/5] | 在馆 | |
| 11 | 2001182639 | 2001182639 | 东辅楼二楼书库/ [索取号:TP27/5] | 在馆 | |
| 12 | 2001182640 | 2001182640 | 东辅楼二楼书库/ [索取号:TP27/5] | 在馆 | |
| 13 | 2001182641 | 2001182641 | 东辅楼二楼书库/ [索取号:TP27/5] | 在馆 | |
| 14 | 2001182642 | 2001182642 | 东辅楼二楼书库/ [索取号:TP27/5] | 在馆 | |
| 15 | 2001182643 | 2001182643 | 东辅楼二楼书库/ [索取号:TP27/5] | 在馆 | |
| 16 | 2001182644 | 2001182644 | 东辅楼二楼书库/ [索取号:TP27/5] | 在馆 | |
| 17 | 2001182645 | 2001182645 | 东辅楼二楼书库/ [索取号:TP27/5] | 在馆 | |
| 18 | 2001182646 | 2001182646 | 东辅楼二楼书库/ [索取号:TP27/5] | 在馆 | |
| 19 | 2001182647 | 2001182647 | 东辅楼二楼书库/ [索取号:TP27/5] | 在馆 | |
| 20 | 2001182648 | 2001182648 | 东辅楼二楼书库/ [索取号:TP27/5] | 在馆 | |
| 21 | 2001182649 | 2001182649 | 东辅楼二楼书库/ [索取号:TP27/5] | 在馆 | |
| 22 | 2001182650 | 2001182650 | 东辅楼二楼书库/ [索取号:TP27/5] | 在馆 | |
| 23 | 2001182651 | 2001182651 | 东辅楼二楼书库/ [索取号:TP27/5] | 在馆 | |
| 24 | 2001182652 | 2001182652 | 东辅楼二楼书库/ [索取号:TP27/5] | 在馆 | |
| 25 | 2001182653 | 2001182653 | 东辅楼二楼书库/ [索取号:TP27/5] | 在馆 | |
| 26 | 2001182654 | 2001182654 | 东辅楼二楼书库/ [索取号:TP27/5] | 在馆 | |
| 27 | 2001182655 | 2001182655 | 东辅楼二楼书库/ [索取号:TP27/5] | 在馆 | |
| 28 | 2001182656 | 2001182656 | 东辅楼二楼书库/ [索取号:TP27/5] | 在馆 | |
| 29 | 2001182657 | 2001182657 | 东辅楼二楼书库/ [索取号:TP27/5] | 在馆 | |
| 30 | 2001182658 | 2001182658 | 东辅楼二楼书库/ [索取号:TP27/5] | 在馆 |